000 00966cam a22002297a 4500
001 83901
003 BD-RjUL
005 20240604155803.0
008 890928s1938 ii 000 0 urd
035 _a(BD-RjUL) 83901
040 _aDLC
_cDLC
_dDLC
_beng
041 _aurd
082 _223
_a954.82092
_bHAM 1938
100 1 _aHāshimī, Naṣīruddīn. ہاشمى، نصىرالدّىن
_913319
245 1 0 _aمدراس مىں اردو ;; men̲ Urdū /
_caz Naṣīruddīn Hāshimī. ;;; ز نصىرالدّىن ہاشمى.,. / az Naṣīruddīn Hāshmī.,
260 _a[Ḥaidarābād, Dakin] :
_bMaktubat i Ibrahimiah masin press,
_c1938.
300 _a188 p. ;
_c18 cm.
490 1 _aSilsilah-yi mat̤būʻāt-i Idārah-yi Adabiyāt-i Urdū ;
_vshmārah 18
650 _aBiographies Criticism, interpretation, etc
_z India Tamil Nadu
_913321
830 0 _aSilsilah-yi mat̤būʻāt-i Idārah-yi Adabiyāt-i Urdū ;
_vnambar 18.
_913320
942 _2ddc
_cBK
999 _c83901
_d83901